00326nam a2200121Ia 4500008004100000041000800041082001400049100002000063245004500083260003400128300003300162365000900195240624s9999 xx 000 0 und d aeng a338.7 GAL aGALBRAITH SASHA aANATOMY OF A BUSINESS WHAT IT IS WHAT IT c2007aLondonbGreenwood Press axviii, : 307 : p. : cm. ; 26 cb30